000 01588nam a22003017a 4500
005 20160304181711.0
008 140407t2005 it ad gr|||| 00| 0 eng d
020 _a9251053278
041 _aeng
044 _ait
082 _a581.7
_bD57l
100 1 _aDi Gregorio, Antonio
_923488
242 1 0 _aSistema de Clasificación de Cobertura de la Tierra
_bconceptos de clasificación y manual del usuario
_cA. Di Gregorio, Cooperazione Italiana, United Nations Environment Programme (UNEP), Food and Agriculture Organization of the United Nations (FAO)
_yspa
245 1 0 _aLand Cover Classification System
_bclassification concepts and user manual
_cA. Di Gregorio, Cooperazione Italiana, United Nations Environment Programme (UNEP), Food and Agriculture Organization of the United Nations (FAO)
250 _bSoftware v.2
260 3 _aRome
_bFood and Agriculture Organization of the United Nations (FAO)
_c2005
300 _a208 p.
_bil., fot., tablas
_c30 cm
_e+ 1 CD
490 _aEnvironment and natural resources series
_v8
504 _aIncluye bibliografía (páginas 91 - 93 ; 153 y 154)
590 _a242 traducción por la agencia catalogadora ; Incluye un CD; CID - 034293 y CID - 034313
650 0 _aUso de la tierra
_vClasificación
_923494
650 0 _aClasificación vegetativa
_923490
650 0 _aCobertura de la tierra
_923491
700 2 _aCooperazione Italiana
_923492
710 2 _aUnited Nations Environment Programme (UNEP)
_921138
710 2 _923493
_aOrganización de las Naciones Unidas para la Alimentación y la Agricultura (FAO)
942 _2ddc
_cImpreso
999 _c8366
_d8366